| 000 | 03429cam a22003615i 4500 | ||
|---|---|---|---|
| 999 |
_c27841 _d27812 |
||
| 001 | 17651802 | ||
| 003 | EG-ScBUE | ||
| 005 | 20191215134353.0 | ||
| 008 | 130308s2012 enka f b 001 0 eng d | ||
| 020 | _a9780444517470 | ||
| 035 | _a(OCoLC)ocn748336420 | ||
| 040 |
_aBTCTA _beng _erda _cBTCTA _dUKMGB _dDEBBG _dYDXCP _dCUD _dBWX _dJCU _dOCLCO _dCOO _dBOS _dLML _dDLC _dEG-ScBUE |
||
| 082 | 0 | 4 |
_a401 _bHAN _222 |
| 245 | 0 | 0 |
_aPhilosophy of linguistics / _cedited by Ruth Kempson, King's College London, UK, Tim Fernando, Trinity College Dublin, Ireland, Nicholas Asher, CNRS Laboratoire IRIT, Université Paul Sabatier, France. |
| 250 | _aFirst edition. | ||
| 264 | 1 |
_aOxford ; _aAmsterdam : _bNorth Holland / Elsevier, _c2012. |
|
| 300 |
_axx, 574 pages : _billustrations ; _c27 cm. |
||
| 336 |
_atext _btxt _2rdacontent |
||
| 337 |
_aunmediated _bn _2rdamedia |
||
| 338 |
_avolume _bnc _2rdacarrier |
||
| 490 | 0 |
_aHandbook of the philosophy of science ; _vvolume 14 |
|
| 504 | _aIncludes bibliographical references and index. | ||
| 505 | 0 | 0 |
_tLinguistics and philosophy / _rJaroslav Peregrin -- _tStructure / _rHoward Lasnik and Juan Uriagereka -- _tLogical grammar / _rGlyn Morrill -- _tMinimalism / _rWolfram Hinzen -- _tComputational linguistics / _rGerald Penn -- _tThe metaphysics of natural language(s) / _rEmmon Bach and Wynn Chao -- _tMeaning and use / _rRobert van Rooij -- _tContext in content composition / _rNicholas Asher -- _tType theory and semantics in flux / _rRobin Cooper -- _tLanguage, linguistics and cognition / _rGios�u Baggio, Michiel van Lambalgen and Peter Hagoort -- _tRepresentationalism and linguistic knowledge / _rRonnie Cann, Ruth Kempson and Daniel Wedgwood -- _tPhilosophy of phonology / _rPhilip Carr -- _tComputational learning theory and language acquisition / _rAlexander Clark and Shalom Lappin -- _tLinguistics from an evolutionary point of view / _rJames R. Hurford -- _tLinguistics and gender studies / _rSally McConnell-Ginet -- _tAnthropological linguistics / _rWilliam O. Beeman. |
| 520 | _aPhilosophy of Linguistics investigates the foundational concepts and methods of linguistics, the scientific study of human language. This groundbreaking collection, the most thorough treatment of the philosophy of linguistics ever published, brings together philosophers, scientists and historians to map out both the foundational assumptions set during the second half of the last century and the unfolding shifts in perspective in which more functionalist perspectives are explored. The opening chapter lays out the philosophical background in preparation for the papers that follow, which demonstrate the shift in the perspective of linguistics study through discussions of syntax, semantics, phonology and cognitive science more generally. The volume serves as a detailed introduction for those new to the field as well as a rich source of new insights and potential research agendas for those already engaged with the philosophy of linguistics. It provides a bridge between philosophy and current scientific findings, encourages multi-disciplinary dialogue, and covers theory and applications. | ||
| 650 | 7 |
_aLinguistics _xPhilosophy. _2BUEsh |
|
| 650 | 7 |
_aLanguage and languages _xPhilosophy. _2BUEsh _93198 |
|
| 653 |
_bHHUUEENN _cNovember2019 |
||
| 655 | _vReading book | ||
| 700 | 1 |
_aKempson, Ruth M., _eeditor. |
|
| 700 | 1 |
_aFernando, Tim, _eeditor. |
|
| 700 | 1 |
_aAsher, Nicholas, _eeditor. |
|
| 942 |
_2ddc _cBB |
||